[Event "45th Olympiad 2024"]
[Site "Budapest HUN"]
[Date "2024.09.14"]
[Round "4.8"]
[Board "1"]
[White "Grandelius, Nils"]
[Black "Shirov, Alexei"]
[Result "1/2-1/2"]
[WhiteElo "2653"]
[BlackElo "2666"]
[PlyCount "60"]
[EventDate "2024.09.11"]
[WhiteTeam "Sweden"]
[BlackTeam "Spain"]
[WhiteTeamCountry "SWE"]
[BlackTeamCountry "ESP"]

1. e4 e6 2. d4 d5 3. exd5 exd5 4. Nf3 Nf6 5. Bd3 c5 6. c3 c4 7. Bc2 Bd6 8. O-O O-O 9. h3 ({RR} 9. Bg5 h6 10. Bh4 Bg4 11. Nbd2 Nc6 12. a4 Rc8 13. Qb1 Re8 14. Bf5 Bxf5 15. Qxf5 Qd7 16. Qc2 Ne4 17. Bg3 Nxd2 18. Qxd2 Re6 19. Rfe1 Rce8 20. Rxe6 Rxe6 21. Re1 Bxg3 22. hxg3 Qe7 23. Kf1 f6 {0-1 Adams,M (2688)-Gavrilescu,D (2522) European Blitz 2022 (21.3)}) 9... Nc6 10. Bg5 h6 11. Bh4 g5 $146 ({RR} 11... Re8 12. Nbd2 Bf4 13. Re1 Be6 14. Bg3 Bxg3 15. fxg3 Qc7 16. Ne5 Nxe5 17. Rxe5 Nd7 18. Re3 Bxh3 19. Rxe8+ Rxe8 20. gxh3 Qxg3+ 21. Kh1 Qxh3+ 22. Kg1 Qg3+ 23. Kh1 Qh4+ 24. Kg2 Qg5+ 25. Kf2 Nf6 26. Nf3 {0-1 Vovk,O (2315)-Aitbayev,A (2475) Titled Tuesday intern op 26th Jan blitz 2021 (7)}) ({RR} 11... Re8 12. Nbd2 b5 13. a3 Be6 14. Re1 g5 15. Nxg5 hxg5 16. Bxg5 Be7 17. Qf3 Nh7 18. Bxh7+ Kxh7 19. Qh5+ Kg8 20. Rxe6 fxe6 21. Qg6+ Kh8 22. Qh6+ Kg8 23. Qg6+ Kh8 24. Qh6+ Kg8 25. Qg6+ {½-½ Rouast,J (2123)-Cruz Mendez,J (2175) Abu Dhabi Masters Online 2024 (4)}) 12. Bg3 Bxg3 13. fxg3 Nh5 14. Kh2 Qd6 15. Ne5 Nxg3 16. Kxg3 f6 17. Na3 fxe5 18. Nb5 Rxf1 19. Qh5 Qf6 20. Rxf1 Qxf1 21. Qg6+ Kf8 22. Qxh6+ Ke7 23. Qd6+ Kf7 24. Qg6+ Kf8 25. Qh6+ Ke7 26. Qd6+ Kf7 27. Qg6+ Ke7 28. Qd6+ Kf7 29. Qg6+ Ke7 30. Qd6+ Kf7 1/2-1/2

[Event "45th Olympiad 2024"]
[Site "Budapest HUN"]
[Date "2024.09.14"]
[Round "4.8"]
[Board "2"]
[White "Anton Guijarro, David"]
[Black "Blomqvist, Erik"]
[Result "1-0"]
[WhiteElo "2665"]
[BlackElo "2491"]
[PlyCount "75"]
[EventDate "2024.09.11"]
[WhiteTeam "Spain"]
[BlackTeam "Sweden"]
[WhiteTeamCountry "ESP"]
[BlackTeamCountry "SWE"]

1. e4 e5 2. Nf3 Nc6 3. Bc4 Nf6 4. d3 Bc5 5. c3 a5 6. Bg5 d6 7. Nbd2 h6 8. Bh4 Ba7 ({RR} 8... Bd7 9. Qe2 Ba7 10. O-O-O Ne7 11. Bxf6 gxf6 12. d4 Ng6 13. g3 Rb8 14. a4 Kf8 15. Rdf1 Rh7 16. Bb3 Qe8 17. dxe5 fxe5 18. Nh4 Nxh4 19. gxh4 Bxa4 20. Bxa4 Qxa4 21. Rhg1 Qd7 22. Rg3 Rg7 23. f4 {½-½ Praggnanandhaa,R (2738)-Mareco,S (2606) FIDE Grand Swiss 2023 (5.24)}) 9. a4 $146 ({RR} 9. O-O g5 10. Bg3 O-O 11. Re1 Nh7 12. d4 h5 13. h3 h4 14. Bh2 exd4 15. cxd4 Nxd4 16. Nxd4 Bxd4 17. Nf3 Bxb2 18. Rb1 Bg7 19. a4 Re8 20. Qd3 Nf8 21. Rb5 Bh6 22. Qd2 Ne6 23. Rf5 Qe7 {1-0 Kuipers,S (2441)-Kerigan,D (2362) Dutch League 2023-24 (7.5)}) 9... g5 10. Bg3 O-O 11. h4 g4 12. Nh2 Kg7 13. Qe2 Ne7 14. h5 Nxh5 15. Nxg4 Nxg3 16. fxg3 Ng8 17. Rh5 Nf6 18. Nxf6 Qxf6 19. O-O-O Qg6 20. Rh4 Qxg3 21. Rdh1 Be3 22. Kb1 Bg5 23. Nf1 Qxh4 24. Rxh4 Bxh4 25. Qh5 Bg5 26. Nh2 Be6 27. Nf3 Bxc4 28. dxc4 Kf6 29. c5 Ke7 30. Qh1 dxc5 31. Nxe5 Ra6 32. Qg1 Rd6 33. Qxc5 Ke6 34. Nc4 Rd1+ 35. Kc2 Rc1+ 36. Kb3 Rg8 37. Qxc7 Be7 38. Qf4 1-0

[Event "45th Olympiad 2024"]
[Site "Budapest HUN"]
[Date "2024.09.14"]
[Round "4.8"]
[Board "3"]
[White "Hillarp Persson, Tiger"]
[Black "Pichot, Alan"]
[Result "0-1"]
[WhiteElo "2457"]
[BlackElo "2628"]
[PlyCount "86"]
[EventDate "2024.09.11"]
[WhiteTeam "Sweden"]
[BlackTeam "Spain"]
[WhiteTeamCountry "SWE"]
[BlackTeamCountry "ESP"]

1. Nf3 Nf6 2. g3 b5 3. Bg2 Bb7 4. O-O e6 5. d3 c5 6. e4 d6 7. a4 b4 8. a5 Be7 9. Nbd2 O-O 10. Re1 Nbd7 11. Nc4 a6 12. c3 $146 ({RR} 12. h4 d5 13. exd5 Nxd5 14. Qe2 Qc7 15. Ng5 N7f6 16. Bd2 h6 17. Nf3 Rad8 18. Nfe5 Nd7 19. Ng6 Rfe8 20. Nxe7+ Rxe7 21. c3 N7f6 22. Rac1 Qb8 {½-½ Valdes Romero,L (2416)-Cardoso Cardoso,J (2280) Cali Cuartas Memorial op 2017 (3)}) ({RR} 12. e5 dxe5 13. Nfxe5 Bxg2 14. Kxg2 Nxe5 15. Nxe5 Qd5+ 16. Qf3 Rac8 17. Nc4 Qxf3+ 18. Kxf3 Nd5 19. h4 Rb8 20. Bf4 Rb7 21. Bd6 Rd8 22. Bxe7 Nxe7 23. Re5 Rc7 24. g4 Nc6 25. Rae1 Nd4+ 26. Kg3 Nxc2 {½-½ Mortazavi,A (2333)-Indjic,A (2618) Titled Tue 2nd May Late 2023 (6)}) 12... d5 13. exd5 Nxd5 14. Bd2 Qc7 15. Rc1 bxc3 16. bxc3 Rad8 17. h4 h6 18. Rb1 Ba8 19. Nh2 N7f6 20. Qe2 Rfe8 21. Nf3 Nd7 22. d4 Bf8 23. Nfe5 cxd4 24. cxd4 Nxe5 25. dxe5 Bc6 26. Rec1 Bb5 27. Qe4 f5 28. exf6 Nxf6 29. Bf4 Qc5 30. Qe3 Qf5 31. Qe5 Nd5 32. Bd2 Qd3 33. Be4 Bxc4 34. Bxd3 Bxd3 35. Rb7 Nf6 36. Bxh6 Be4 37. Ra7 Rd5 38. Qf4 Red8 39. Re1 Rd1 40. Kf1 Bd3+ 41. Kg2 Rxe1 42. Bg5 Be4+ 43. f3 Re2+ 0-1

[Event "45th Olympiad 2024"]
[Site "Budapest HUN"]
[Date "2024.09.14"]
[Round "4.8"]
[Board "4"]
[White "Santos Latasa, Jaime"]
[Black "Lokander, Martin"]
[Result "1-0"]
[WhiteElo "2624"]
[BlackElo "2469"]
[PlyCount "67"]
[EventDate "2024.09.11"]
[WhiteTeam "Spain"]
[BlackTeam "Sweden"]
[WhiteTeamCountry "ESP"]
[BlackTeamCountry "SWE"]

1. e4 e5 2. Nf3 Nc6 3. Bb5 a6 4. Ba4 d6 5. O-O b5 6. Bb3 Na5 7. d4 Nxb3 8. axb3 f6 9. Re1 ({RR} 9. Nh4 Ne7 10. f4 Bb7 11. d5 c6 12. c4 exf4 13. Rxf4 g5 14. Qh5+ Kd7 15. Rxf6 Qb6+ 16. Kh1 gxh4 17. Qf7 Rd8 18. Rxd6+ Kc8 19. Qe6+ Kb8 20. Rxd8+ Qxd8 21. Qe5+ Ka8 22. Qxh8 Ng6 23. Qd4 c5 {1-0 Arnason,J (2540)-Agdestein,S (2560) Gausdal zt 1987}) ({RR} 9. dxe5 dxe5 10. Nc3 Qxd1 11. Rxd1 Bb7 12. Nd5 O-O-O 13. c4 Ne7 14. Be3 bxc4 15. bxc4 Nc6 16. Rdb1 Ne7 17. b4 Nxd5 18. cxd5 g5 19. h3 h5 20. b5 axb5 21. Rxb5 c6 22. Rc1 c5 23. Bxc5 Bxc5 {1-0 El Jawich,A (2285)-Chemin,J (2040) Titled Tue 20th Feb Early 2024 (4)}) 9... Ne7 10. Bd2 $146 ({RR} 10. Nbd2 Bb7 11. Nf1 Ng6 12. Ng3 Qd7 13. c4 b4 14. d5 c5 15. dxc6 Bxc6 16. Nf5 Kf7 17. Qd3 Qb7 18. h4 h5 19. Nh2 Be7 20. Nf1 Nf8 21. N5g3 Ne6 22. Be3 g6 23. f3 Bd8 24. Kh2 Bb6 {1-0 Vaishali,R (2401)-Torngren,G (2228) Sitges Sunway op 8th 2021 (8)}) 10... Rb8 11. dxe5 fxe5 12. c4 Qd7 13. Nc3 bxc4 14. bxc4 Rxb2 15. Nd5 Nxd5 16. exd5 Be7 17. Bc3 Rb8 18. Bxe5 O-O 19. Bc3 Bf6 20. Bxf6 Rxf6 21. Nd4 Rb2 22. f3 h6 23. Qc1 Rb6 24. Ra2 Qf7 25. Rae2 Bf5 26. Qc3 Rb1 27. Rxb1 Bxb1 28. Qe1 Bf5 29. g4 Qg6 30. Nc6 Kh7 31. Ne7 Qg5 32. Nxf5 Rxf5 33. Qb1 g6 34. h4 1-0

[Event "45th Olympiad 2024"]
[Site "Budapest HUN"]
[Date "2024.09.14"]
[Round "4.9"]
[Board "1"]
[White "Carlsen, Magnus"]
[Black "Gazik, Viktor"]
[Result "1-0"]
[WhiteElo "2832"]
[BlackElo "2561"]
[PlyCount "55"]
[EventDate "2024.09.11"]
[WhiteTeam "Norway"]
[BlackTeam "Slovakia"]
[WhiteTeamCountry "NOR"]
[BlackTeamCountry "SVK"]

1. d4 Nf6 2. c4 e6 3. Nf3 Bb4+ 4. Nbd2 b6 5. a3 Bxd2+ 6. Nxd2 Bb7 7. e3 O-O 8. Bd3 ({RR} 8. b3 c5 9. dxc5 bxc5 10. Bb2 d6 11. Bd3 Nbd7 12. O-O a5 13. Qc2 Qb6 14. Rfd1 Rfd8 15. Rab1 Bc6 16. Bc3 Qb7 17. f3 Qa7 18. Nf1 h6 19. Qf2 Qc7 20. Qg3 Nh5 21. Qh4 Nhf6 22. a4 d5 {1-0 Van Foreest,J (2665)-Naiditsch,A (2661) TCh-FRA Top 16 Haute 2024 (1.19)}) ({RR} 8. b3 d6 9. Bb2 Nbd7 10. Qc2 c5 11. Bd3 Rc8 12. O-O cxd4 13. Bxd4 d5 14. Qb2 Qe7 15. Be2 e5 16. Bc3 d4 17. Bb4 Nc5 18. Nf3 a5 19. exd4 exd4 20. Bxc5 bxc5 21. Rfe1 Qd6 22. h3 Ne4 {1-0 Jumabayev,R (2575)-Bitoon,R (2374) Chess.com Speed Play-In 2024 (4)}) 8... d5 9. O-O dxc4 $146 ({RR} 9... Nbd7 10. Nf3 Qe7 11. cxd5 exd5 12. b3 Ne4 13. Bb2 f5 14. Rc1 c6 15. Ne5 Nxe5 16. dxe5 c5 17. Qc2 Qe6 18. f3 Ng5 19. h4 Nf7 20. Bxf5 Qh6 21. f4 Nd8 22. Rf3 Ne6 23. Bxe6+ Qxe6 24. f5 {½-½ Dudas,P (2257)-Dobai,S (2179) HUN-chT2 Barcza 1314 2013 (3)}) ({RR} 9... Nbd7 10. b3 Re8 11. Bb2 e5 12. dxe5 Nxe5 13. Be2 dxc4 {½-½ Gmeiner,P (2230)-Ochs,H Schoeneck 1992 (4)}) 10. Nxc4 Qd5 11. f3 Rd8 12. Be2 Nc6 13. Qc2 Rac8 14. b3 b5 15. Nb2 e5 16. Nd3 e4 17. Nc5 Nxd4 18. exd4 Qxd4+ 19. Kh1 exf3 20. gxf3 Ba8 21. Bg5 Rd5 22. Bxf6 Qxf6 23. Ne4 Qf4 24. Qc1 Qh4 25. Rg1 Re5 26. Qc3 Rce8 27. Bxb5 R8e7 28. Rad1 1-0

[Event "45th Olympiad 2024"]
[Site "Budapest HUN"]
[Date "2024.09.14"]
[Round "4.9"]
[Board "2"]
[White "Haring, Filip"]
[Black "Christiansen, Johan-Sebastian"]
[Result "0-1"]
[WhiteElo "2503"]
[BlackElo "2661"]
[PlyCount "116"]
[EventDate "2024.09.11"]
[WhiteTeam "Slovakia"]
[BlackTeam "Norway"]
[WhiteTeamCountry "SVK"]
[BlackTeamCountry "NOR"]

1. e4 e6 2. d4 d5 3. Nc3 Nf6 4. Bg5 dxe4 5. Nxe4 Be7 6. Bxf6 gxf6 7. Nc3 Nd7 ({RR} 7... a6 8. a4 Nc6 9. Nge2 e5 10. d5 Nb4 11. Ng3 f5 12. Bc4 Qd6 13. Bb3 h5 14. Qe2 h4 15. Nf1 Bd7 16. Nd2 e4 17. f3 exf3 18. Nxf3 O-O-O 19. O-O-O Bf6 20. Qf2 Kb8 21. Nd4 Rhg8 22. Nxf5 {1-0 Aronian,L (2722)-Sevian,S (2697) American Cup Champ 2024 (1.5)}) 8. g3 c6 9. Bg2 Qa5 $146 ({RR} 9... Qc7 10. Qh5 f5 11. Nf3 h6 12. Nd2 Nf6 13. Qe2 Bd7 14. Nc4 O-O-O 15. O-O-O Be8 16. a3 h5 17. Rhe1 h4 18. Kb1 hxg3 19. hxg3 Ng4 20. Bf3 Nf6 21. Ne5 Kb8 22. Qe3 Bf8 23. Na4 Nd7 24. Nxd7+ {½-½ De Vreugt,D (2460)-Sturua,Z (2600) EU-ch 2nd Ohrid 2001 (7)}) ({RR} 9... Nb6 10. Nge2 Bd7 11. O-O Qc7 12. a4 a5 13. Re1 h5 14. Nf4 h4 15. Qg4 hxg3 16. hxg3 Kf8 17. Qf3 Rd8 18. Ne4 Bc8 19. c3 Nd5 20. Nd3 f5 21. Nd2 b6 22. Nc4 c5 23. Na3 Ba6 24. Ne5 {1-0 Grachev,A (2402)-Sakaev,K (2568) Aeroflot Open A 2024 (7.18)}) ({RR} 9... f5 10. Qe2 Nf6 11. Nf3 Bd7 12. Ne5 Bd6 13. O-O-O Qe7 14. Na4 O-O-O 15. Rd3 Nd5 16. c4 Nb6 17. c5 Bxe5 18. Nxb6+ axb6 19. Qxe5 f6 20. Qe3 bxc5 21. dxc5 e5 22. Rhd1 Be6 23. Rd6 Kc7 24. a3 {1-0 De Vreugt,D (2429)-Stellwagen,D (2337) Lost Boys op 2001 (7)}) 10. Nge2 Nf8 11. a3 Ng6 12. Qd3 Bd7 13. h4 h5 14. Nc1 Qc7 15. Nb3 b6 16. Qe2 Rd8 17. O-O-O a5 18. Kb1 a4 19. Nc1 b5 20. Nd3 Kf8 21. f4 Be8 22. Qe3 f5 23. Bf3 Qb6 24. Ne2 Bf6 25. Nc5 Kg7 26. c3 Ne7 27. Nc1 Ng8 28. Qe2 Kg6 29. N1d3 Be7 30. Ne5+ Kg7 31. Bxh5 Bxc5 32. dxc5 Rxd1+ 33. Rxd1 Qxc5 34. Bf3 Nf6 35. Qg2 Qe3 36. Rd3 Qe1+ 37. Ka2 c5 38. Be2 Qc1 39. Rd1 Qc2 40. Bf3 Qxg2 41. Bxg2 Rg8 42. Rd6 Kf8 43. Bc6 Ke7 44. Rd3 c4 45. Rf3 Ng4 46. Bxe8 Nxe5 47. fxe5 Kxe8 48. Kb1 Rg4 49. Kc2 Kd7 50. Kd2 Kc6 51. h5 Kd5 52. h6 Rg6 53. h7 Rh6 54. g4 Rxh7 55. gxf5 Ke4 56. Rf2 exf5 57. Re2+ Kf3 58. Re3+ Kg4 0-1

[Event "45th Olympiad 2024"]
[Site "Budapest HUN"]
[Date "2024.09.14"]
[Round "4.9"]
[Board "3"]
[White "Tari, Aryan"]
[Black "Sahidi, Samir"]
[Result "1/2-1/2"]
[WhiteElo "2642"]
[BlackElo "2474"]
[PlyCount "64"]
[EventDate "2024.09.11"]
[WhiteTeam "Norway"]
[BlackTeam "Slovakia"]
[WhiteTeamCountry "NOR"]
[BlackTeamCountry "SVK"]

1. e4 e5 2. Nf3 Nc6 3. Bc4 Nf6 4. d3 Bc5 5. O-O d6 6. c3 a6 7. Re1 Ba7 8. Nbd2 O-O 9. Nf1 Na5 10. Bb3 Nxb3 11. axb3 h6 12. Ng3 Re8 13. h3 d5 14. exd5 Qxd5 15. Be3 c5 16. c4 ({RR} 16. Ra4 Be6 17. Rh4 e4 18. Nxe4 Nxe4 19. c4 Nxf2 20. Kxf2 Qd6 21. Bf4 Qf8 22. Rh5 f6 23. Nd2 g5 24. Bg3 Bf7 25. Ne4 Re6 26. Rf1 Rd8 27. Kg1 Rxe4 28. Rxf6 Re6 29. Rhxh6 Qxh6 30. Rxh6 Rxh6 {0-1 Esipenko,A (2704)-Kramnik,V (2753) Kramnik-Esipenko Rapid 2024 (6)}) 16... Qd6 17. Nh4 Qc6 $146 ({RR} 17... Bd7 18. Nhf5 Qc6 19. Qd2 Bxf5 20. Nxf5 Re6 21. Bxh6 gxh6 22. Qxh6 Ne8 23. Qg5+ Kf8 24. Qh5 Rg6 25. Qh8+ Rg8 26. Qxg8+ Kxg8 27. Ne7+ Kf8 28. Nxc6 bxc6 29. Rxa6 Nc7 30. Rxc6 Bb8 31. Rxc5 Ra2 32. Rb1 {1-0 Petkov,M (2510)-Savanovic,A (2386) Novi Sad Serbia op-A 2022 (3)}) 18. Bd2 b6 19. Bc3 Bb8 20. Re3 Bc7 21. Qe2 Bb7 22. Ngf5 e4 23. d4 cxd4 24. Nxd4 Qd6 25. Rg3 Qf8 26. Ndf5 Bxg3 27. fxg3 Re6 28. Rf1 Ne8 29. Nd4 Rf6 30. Ndf5 Re6 31. Nd4 Rf6 32. Ndf5 Re6 1/2-1/2

[Event "45th Olympiad 2024"]
[Site "Budapest HUN"]
[Date "2024.09.14"]
[Round "4.9"]
[Board "4"]
[White "Druska, Juraj"]
[Black "Urkedal, Frode Olav Olsen"]
[Result "1/2-1/2"]
[WhiteElo "2441"]
[BlackElo "2546"]
[PlyCount "103"]
[EventDate "2024.09.11"]
[WhiteTeam "Slovakia"]
[BlackTeam "Norway"]
[WhiteTeamCountry "SVK"]
[BlackTeamCountry "NOR"]

1. d4 Nf6 2. c4 e6 3. Nc3 Bb4 4. e3 O-O 5. Bd2 d5 6. Nf3 Nbd7 7. a3 Be7 8. cxd5 exd5 9. Bd3 Bd6 $146 ({RR} 9... c6 10. Qc2 Re8 11. Ne5 Nf8 12. O-O Ng4 13. Nf3 Bd6 14. h3 Nf6 15. Rfe1 Ng6 16. b4 a6 17. Rab1 Bd7 18. a4 Rc8 19. e4 dxe4 20. Nxe4 Nxe4 21. Bxe4 Be6 22. Ng5 Bd5 23. Bxd5 cxd5 24. Qf5 {0-1 Bluebaum,M (2655)-Caruana,F (2804) Titled Tue 2nd Jan Late 2024 (11)}) ({RR} 9... Re8 10. O-O c6 11. Rc1 Bd6 12. Re1 Ne4 13. Qc2 Ndf6 14. h3 Qe7 15. Bxe4 Nxe4 16. Nxe4 dxe4 17. Nh2 Qg5 18. f4 exf3 19. Nxf3 Qg3 20. Rf1 Bxh3 21. Be1 Qg4 22. Kh1 Qf5 23. gxh3 Qxh3+ 24. Kg1 {0-1 Conley,S-McKinney,T Monroe ch-MI op 1986 (6)}) 10. Qc2 c5 11. dxc5 Nxc5 12. Bf5 Nfe4 13. Bxc8 Rxc8 14. O-O Nxd2 15. Nxd2 Be5 16. Rac1 d4 17. exd4 Bxd4 18. Ndb1 Rc6 19. Rcd1 Ne6 20. Rd2 Qg5 21. Rfd1 Bb6 22. Qe4 Nc5 23. Qd5 Qg6 24. h4 h5 25. Qg5 Qxg5 26. hxg5 Re8 27. Rd5 Ne6 28. g3 h4 29. Kg2 hxg3 30. fxg3 Bd8 31. Rd7 Rb6 32. Na4 Rb5 33. g6 fxg6 34. b4 Rg5 35. Nc5 Bb6 36. Rxb7 Nxc5 37. bxc5 Bxc5 38. Rdd7 Re2+ 39. Kh3 Re3 40. Rxg7+ Kf8 41. Rh7 Rexg3+ 42. Kh2 Rg2+ 43. Kh3 R5g3+ 44. Kh4 g5+ 45. Kh5 Rh3+ 46. Kg6 Rxh7 47. Rxh7 g4 48. Nc3 g3 49. Nd5 Rh2 50. Rf7+ Ke8 51. Nc7+ Kd8 52. Ne6+ 1/2-1/2

[Event "45th Olympiad 2024"]
[Site "Budapest HUN"]
[Date "2024.09.14"]
[Round "4.10"]
[Board "1"]
[White "Kacharava, Nikolozi"]
[Black "Howell, David W L"]
[Result "0-1"]
[WhiteElo "2511"]
[BlackElo "2677"]
[PlyCount "226"]
[EventDate "2024.09.11"]
[WhiteTeam "Georgia"]
[BlackTeam "England"]
[WhiteTeamCountry "GEO"]
[BlackTeamCountry "ENG"]

1. e4 c6 2. d4 d5 3. e5 Bf5 4. h4 h5 5. c4 e6 6. Nc3 dxc4 7. Bxc4 Nd7 8. Bb3 ({RR} 8. Nf3 Nb6 9. Bd3 Bg4 10. Bg5 Qd7 11. Ne4 Bb4+ 12. Kf1 Nh6 13. Bf6 Kf8 14. Qb3 Nd5 15. Bc4 a5 16. a3 b5 17. Be2 gxf6 18. axb4 a4 19. exf6 Nf5 20. Qd3 Nf4 21. Qd2 Nxe2 22. Qxe2 Rd8 {0-1 Jones,G (2670)-Karjakin,S (2757) NIC Classic Prelim rapid 2021 (8)}) 8... Be7 9. Bc2 Bxc2 10. Qxc2 Nb6 $146 ({RR} 10... Nh6 11. Bxh6 Rxh6 12. Nf3 Nb6 13. a3 Nd5 14. Ne4 Qa5+ 15. Kf1 Kf8 16. g3 g6 17. Kg2 Kg7 18. Rad1 Rhh8 19. Rd3 Rad8 20. Rhd1 Qc7 21. Kg1 Rd7 22. Nc5 Rdd8 23. Re1 b6 24. Ne4 c5 25. dxc5 {½-½ Matlakov,M (2688)-Faizrakhmanov,R (2484) RUS-ch Higher League 74th 2021 (2)}) ({RR} 10... Bxh4 11. Nf3 Be7 12. Ne4 Qc7 13. Bg5 Qa5+ 14. Bd2 Qa6 15. b4 Nb6 16. Rc1 Qa4 17. Qb2 Qb5 18. Nc5 Nd5 19. a4 Qb6 20. Qa3 g6 21. g4 Nh6 22. gxh5 Nf5 23. h6 g5 24. Nxg5 Nxd4 25. Qd3 {1-0 Erdogmus,Y (2553)-Xie,K (2376) 24th Dubai Open A 2024 (1.14)}) ({RR} 10... Nh6 11. Bxh6 Rxh6 12. Nf3 Nb6 13. g3 Nd5 14. O-O Kf8 15. Ne4 g6 16. a3 Kg7 17. Rfd1 Rc8 18. Rac1 Rh8 19. Rd3 Rc7 20. Nfd2 b6 21. Qd1 c5 22. dxc5 Bxc5 23. Nxc5 Rxc5 24. Rxc5 bxc5 25. Nc4 {1-0 Ivic,V (2590)-Gurel,E (2500) FIDE World Cup 2023 (1.2)}) 11. Nf3 Nd5 12. Ne4 Qa5+ 13. Bd2 Nb4 14. Bxb4 Qxb4+ 15. Qc3 Nh6 16. a3 Qb5 17. Nc5 Nf5 18. a4 Qb6 19. Rc1 a5 20. g3 Rd8 21. O-O O-O 22. Rfd1 Rd5 23. Nb3 Rfd8 24. Rd3 Qa6 25. Qc4 b5 26. Qxc6 Qxc6 27. Rxc6 bxa4 28. Nbd2 Nxd4 29. Rxd4 Rxd4 30. Nxd4 Rxd4 31. Nc4 Bb4 32. Kf1 Re4 33. f3 Re1+ 34. Kf2 Kh7 35. f4 Rb1 36. Ke2 Kg6 37. Kf2 Rd1 38. Ke2 Re1+ 39. Kf3 Rf1+ 40. Kg2 Rb1 41. Kf2 Kh7 42. Kf3 Rf1+ 43. Kg2 Rc1 44. Nxa5 Rxc6 45. Nxc6 Bd2 46. Nd4 Kg8 47. Ne2 Kf8 48. Kf3 Ke7 49. Ke4 Kd7 50. Kd3 Be1 51. Nc3 Bxg3 52. Ke3 Bxh4 53. Nxa4 Be7 54. Nc3 Kc6 55. Ne4 Kd5 56. Nc3+ Kc6 57. Ne4 f5 58. exf6 Bxf6 59. b3 Kd5 60. Ng3 g6 61. Ne2 Be7 62. Nc3+ Kc5 63. Ne2 Bf6 64. Nc1 Kd5 65. Nd3 Bc3 66. Nc1 Bb4 67. Ne2 Ba5 68. Kf3 Bd2 69. Ng3 Kd4 70. Ne4 Bb4 71. Ng5 Kd5 72. Ne4 Be7 73. Nc3+ Kc5 74. Ne2 Bf6 75. Nc1 Kd4 76. Ne2+ Kd5 77. Ng3 Be7 78. Ne2 Bb4 79. Ng3 Bd6 80. Ne4 Be7 81. Nc3+ Kd4 82. Ne2+ Kc5 83. Nc1 Bf6 84. Ke4 Bc3 85. Nd3+ Kc6 86. Nf2 Bg7 87. Nh3 Kc5 88. Ng5 Kd6 89. Kf3 Kd5 90. Ne4 Bb2 91. Ng5 Ba3 92. Ne4 Bb4 93. Ng3 Ba5 94. Ne4 Bd8 95. Nc3+ Kc5 96. Ne2 Bb6 97. Nc1 Bc7 98. Ne2 Bd6 99. Ke4 Bb8 100. Nd4 Kd6 101. f5 exf5+ 102. Nxf5+ Kd7 103. Nh4 g5 104. Ng2 Ke6 105. Kf3 g4+ 106. Ke4 Kf6 107. Nh4 Bg3 108. Nf5 Be1 109. Nd4 h4 110. Nf3 gxf3 111. Kxf3 h3 112. b4 Ke6 113. b5 Kd6 0-1

[Event "45th Olympiad 2024"]
[Site "Budapest HUN"]
[Date "2024.09.14"]
[Round "4.10"]
[Board "2"]
[White "Adams, Michael"]
[Black "Paichadze, Luka"]
[Result "1/2-1/2"]
[WhiteElo "2661"]
[BlackElo "2516"]
[PlyCount "104"]
[EventDate "2024.09.11"]
[WhiteTeam "England"]
[BlackTeam "Georgia"]
[WhiteTeamCountry "ENG"]
[BlackTeamCountry "GEO"]

1. e4 c6 2. d4 d5 3. e5 Bf5 4. Bd3 Bxd3 5. Qxd3 e6 6. Ne2 Qa5+ 7. c3 Qa6 8. Qd1 c5 9. O-O Nc6 10. a4 cxd4 11. Nxd4 Nxd4 12. cxd4 Ne7 13. Nc3 Nc6 14. Be3 Qb6 $146 ({RR} 14... Be7 15. Qg4 Kf8 16. Rad1 Qb6 17. f4 h5 18. Qh3 g6 19. Rf2 Kg8 20. Qg3 Qd8 21. Rf3 h4 22. Qg4 Rh5 23. Ne2 Qd7 24. Rh3 Kg7 25. Ng3 Rh7 26. Nf1 Rah8 27. Bf2 Nb4 28. b3 Qc6 29. Ne3 {½-½ Torres Rebolledo,A (2193)-Lopez Varela,P (2362) 10th Oviedo Open 2024 (9.7)}) 15. Qg4 a6 16. Rfc1 h5 17. Qd1 Na5 18. Rc2 Be7 19. h3 g6 20. Qf3 O-O 21. Ne2 Rac8 22. Rac1 Rc6 23. Rxc6 bxc6 24. Nf4 Nc4 25. Qg3 Kh7 26. Nd3 Qb3 27. Rc3 Qd1+ 28. Kh2 Rb8 29. Bg5 Bf8 30. Qf4 Kg8 31. g4 Rb3 32. Qc1 Qxc1 33. Bxc1 Rxc3 34. bxc3 hxg4 35. hxg4 Nb6 36. a5 Nc4 37. Nb4 Nxa5 38. Nxa6 Nb3 39. Be3 Ba3 40. Kg3 Bb2 41. Nb4 Bxc3 42. Nxc6 Kf8 43. Kf3 Ke8 44. Ke2 Kd7 45. Kd3 Kxc6 46. Kxc3 Na5 47. Kb4 Kb6 48. Ka4 Nc6 49. f3 Ka6 50. Bf2 Kb6 51. Be3 Ka6 52. Bf2 Kb6 1/2-1/2

[Event "45th Olympiad 2024"]
[Site "Budapest HUN"]
[Date "2024.09.14"]
[Round "4.10"]
[Board "3"]
[White "Jobava, Baadur"]
[Black "McShane, Luke J"]
[Result "1-0"]
[WhiteElo "2582"]
[BlackElo "2611"]
[PlyCount "79"]
[EventDate "2024.09.11"]
[WhiteTeam "Georgia"]
[BlackTeam "England"]
[WhiteTeamCountry "GEO"]
[BlackTeamCountry "ENG"]

1. d4 Nf6 2. Nc3 d5 3. Bf4 e6 4. Nb5 Na6 5. e3 Be7 6. Nf3 O-O 7. h4 c6 8. Nc3 Nc7 ({RR} 8... c5 9. Ne5 Nb4 10. h5 h6 11. g4 Nh7 12. Bg2 Bd7 13. O-O Rc8 14. dxc5 Bxc5 15. a3 Nc6 16. Nxd7 Qxd7 17. e4 d4 18. e5 Ng5 19. Ne4 Nxe4 20. Bxe4 d3 21. Qxd3 Qxd3 22. Bxd3 Bd4 23. c3 {½-½ Van Foreest,J (2714)-Giri,A (2773) Oslo Esports Cup rapid 2022 (4.2)}) 9. Ne2 $146 ({RR} 9. Bd3 Nce8 10. Ne5 Nd6 11. Qf3 Nd7 12. Kd1 f6 13. Qh5 f5 14. Nxd7 Bxd7 15. Bxd6 Bxd6 16. f4 c5 17. g4 Be8 18. Qg5 Be7 {0-1 Panesar,V (2462)-Alekseenko,K (2650) Titled Tue 12th Mar Early 2024 (3)}) ({RR} 9. h5 h6 10. Ne5 Nce8 11. g4 Ne4 12. Nxe4 dxe4 13. Qd2 a5 14. O-O-O a4 15. a3 Nd6 16. f3 exf3 17. Bd3 Qa5 18. c3 c5 19. Kb1 c4 20. Bc2 Qd5 21. Qf2 Ne4 22. Qxf3 Ng5 23. Qe2 Ne4 {0-1 Shehzad,S (2310)-Dvirnyy,D (2480) Titled Tue 30th Apr Early 2024 (7)}) 9... c5 10. c3 b5 11. dxc5 Bxc5 12. Ned4 Bd7 13. Ne5 b4 14. Nd3 Bb6 15. Nxb4 Ne4 16. Bd3 f6 17. Bxe4 dxe4 18. Qb3 Qe8 19. a4 Ba5 20. O-O Rf7 21. Bxc7 Bxc7 22. Nb5 Be5 23. Rfd1 f5 24. Nd6 Bxd6 25. Rxd6 f4 26. exf4 Rxf4 27. Qd1 Rf7 28. Qd4 Bxa4 29. Qxe4 Bb3 30. c4 a5 31. Nc6 Qf8 32. Rxa5 Rxa5 33. Rd8 Ra1+ 34. Kh2 Rxf2 35. Qxe6+ Kh8 36. Qe3 Qxd8 37. Nxd8 Rf8 38. Ne6 Rb8 39. Qg3 Rb7 40. Nc5 1-0

[Event "45th Olympiad 2024"]
[Site "Budapest HUN"]
[Date "2024.09.14"]
[Round "4.10"]
[Board "4"]
[White "Jones, Gawain C B"]
[Black "Pantsulaia, Levan"]
[Result "1/2-1/2"]
[WhiteElo "2646"]
[BlackElo "2516"]
[PlyCount "103"]
[EventDate "2024.09.11"]
[WhiteTeam "England"]
[BlackTeam "Georgia"]
[WhiteTeamCountry "ENG"]
[BlackTeamCountry "GEO"]

1. c4 c5 2. Nf3 g6 3. e4 Bg7 4. d4 d6 5. Nc3 Bg4 6. dxc5 Bxc3+ 7. bxc3 dxc5 8. Qxd8+ Kxd8 9. Ne5 Be6 10. Be3 Nf6 11. O-O-O+ $146 ({RR} 11. Bd3 Nbd7 12. Nxd7 Nxd7 13. f4 f6 14. O-O-O Rc8 15. Kb2 Rc6 16. Rd2 Kc8 17. Rhd1 Rb6+ 18. Ka1 Rc6 19. Kb2 Nb6 20. Kb3 Rd8 21. Be2 Rxd2 22. Rxd2 Nd7 23. Kb2 Rb6+ 24. Ka1 Ra6 25. Rb2 Ra4 {0-1 Hernandez Tellez,C (1908)-Maldonado Mena,G (2104) 16th Malaga Open 2022 (3.12)}) 11... Ke8 12. Bxc5 Nxe4 13. Bd4 f6 14. Re1 Bf5 15. f3 fxe5 16. Bxe5 Rf8 17. fxe4 Be6 18. Bd4 Nd7 19. Be2 Rc8 20. e5 Bxc4 21. Bf3 Nc5 22. Kb1 b6 23. Rd1 Bd3+ 24. Kb2 Be4 25. Bg4 Rc7 26. Rd2 Na4+ 27. Kb3 Nc5+ 28. Kb2 Na4+ 29. Kb3 Nc5+ 30. Ka3 Rf4 31. h3 Bf5 32. g3 Ne4 33. gxf4 Nxd2 34. Bxf5 gxf5 35. Kb4 Ne4 36. Rg1 Kf7 37. a4 h5 38. h4 Ke6 39. c4 Kf7 40. Rg2 Rd7 41. Bg1 Rd1 42. Kb5 Rb1+ 43. Kc6 Rb4 44. a5 Rxc4+ 45. Kd5 Ra4 46. e6+ Kf8 47. Bd4 Rxa5+ 48. Kc6 Nf6 49. Bxf6 Rc5+ 50. Kd7 Rd5+ 51. Kc6 Rc5+ 52. Kd7 1/2-1/2